[Event "Gothenburg op"]
[Site "Gothenburg"]
[Date "2022.08.12"]
[Round "3"]
[White "Westman, Lennart"]
[Black "Stedman, Theodor"]
[Result "1/2-1/2"]
[WhiteElo "1655"]
[BlackElo "1474"]
[PlyCount "121"]
[EventDate "2022.08.12"]
[EventType "swiss"]
[EventRounds "8"]
[EventCountry "SWE"]
[SourceTitle "CBM 209 Extra"]
[Source "ChessBase"]
[SourceDate "2022.09.30"]
[SourceVersion "1"]
[SourceVersionDate "2022.09.30"]
[SourceQuality "1"]

1. e4 a6 2. d4 b5 3. Bd3 Bb7 4. f3 e6 5. Be3 Nf6 6. Ne2 d5 7. Nd2 dxe4 8. Nxe4 Nxe4 9. fxe4 Bd6 10. Qd2 Bxe4 11. Bxe4 Qh4+ 12. Bf2 Qxe4 13. 0-0 Nd7 14. Nc3 Qf4 15. Qxf4 Bxf4 16. d5 0-0 17. dxe6 fxe6 18. Ne4 Nf6 19. Nc5 Ng4 20. g3 Nxf2 21. gxf4 Nh3+ 22. Kh1 Nxf4 23. Rae1 g5 24. Rg1 h6 25. Nxe6 Nxe6 26. Rxe6 Rf2 27. Rxh6 Rxc2 28. Rxg5+ Kf7 29. Rgh5 Rd8 30. Rh7+ Ke6 31. R7h6+ Ke7 32. Rh7+ Kd6 33. R5h6+ Ke5 34. Rh5+ Kf4 35. Rh4+ Kf3 36. Rf7+ Ke2 37. Re7+ Kd1 38. Rhe4 Rxb2 39. Re1+ Kd2 40. R1e2+ Kc1 41. Rxc7+ Kb1 42. Re1+ Kxa2 43. Rcc1 Rd6 44. h4 Ka3 45. Re3+ Rb3 46. Rxb3+ Kxb3 47. Kh2 a5 48. Rc5 Kb4 49. Rg5 a4 50. h5 a3 51. Rg6 Rd5 52. Rg4+ Kc3 53. Rg3+ Rd3 54. h6 Rxg3 55. Kxg3 b4 56. h7 b3 57. h8Q+ Kc2 58. Qh7+ Kb2 59. Qg7+ Ka2 60. Qf7 Ka1 61. Qf2 1/2-1/2